ՀՀ Գիտությունների ազգային ակադեմիայի հիմնարար գիտական գրադարան  =   Fundamental Scientific Library of NAS RA

Вышивки : (Record no. 363135)

MARC details
000 -LEADER
fixed length control field 00807nam a2200217 a 4500
001 - CONTROL NUMBER
control field 001130836
003 - CONTROL NUMBER IDENTIFIER
control field AM-YeHGA
005 - DATE AND TIME OF LATEST TRANSACTION
control field 20250617152045.0
008 - FIXED-LENGTH DATA ELEMENTS--GENERAL INFORMATION
fixed length control field 160222s1975 sl |||||r|||||000|0|rus|d
040 ## - CATALOGING SOURCE
Original cataloging agency AM-YeHGA
041 1# - LANGUAGE CODE
Language code of text/sound track or separate title rus
Language code of original slo
090 ## - LOCALLY ASSIGNED LC-TYPE CALL NUMBER (OCLC); LOCAL CALL NUMBER (RLIN)
-- 364985
100 1# - MAIN ENTRY--PERSONAL NAME
Personal name Маннова, Марта
245 10 - TITLE STATEMENT
Title Вышивки :
Remainder of title [Каталог образцов] /
Statement of responsibility, etc. Марта Маннова; Пер. со словацкого И. Темновой.
260 ## - PUBLICATION, DISTRIBUTION, ETC.
Place of publication, distribution, etc. Братислава :
Name of publisher, distributor, etc. Праца,
Date of publication, distribution, etc. 1975.
300 ## - PHYSICAL DESCRIPTION
Extent 175 с.
440 #0 - SERIES STATEMENT/ADDED ENTRY--TITLE
Title Б-ка практических пособий издательства "Праца"
653 0# - INDEX TERM--UNCONTROLLED
Uncontrolled term Вышивка художественная - Альбомы
700 1# - ADDED ENTRY--PERSONAL NAME
Personal name Темнова. Изабелла
Relator term пер.
Relationship trl
942 ## - ADDED ENTRY ELEMENTS (KOHA)
Source of classification or shelving scheme Universal Decimal Classification
Koha item type Գրքեր / Books
Holdings
Withdrawn status Lost status Damaged status Not for loan Collection Home library Current library Date acquired Total checkouts Full call number Barcode Date last seen Price effective from Koha item type Public note
        General Fundamental Scientific Library Fundamental Scientific Library 11/01/2017   PIII/40630 FL0381445 11/01/2017 11/01/2017 Գրքեր / Books 30 Days Loan


ՀՀ ԳԱԱ հիմնարար գիտական գրադարան
ՀՀ,Երևան 0019
Մարշալ Բաղրամյան 24/6
հեռախոս:(374-10) 52-47-50
Հետադարձ կապ

All site content, except where otherwise noted, is licensed under a
Creative Commons License